000 00329nam a22001457a 4500
003 SGT
082 _a641.2
_bR07M
100 _aMILL, ROBERT CHRISTIE
245 _aRESTAURANT MANAGEMENT
250 _a3RD
260 _aNEW DELHI
_bPEARSON EDUCATION INDIA
_c2007
300 _a463
650 _aHOTEL MANAGEMENT
942 _2ddc
_cBK
999 _c12853
_d12853